000 01519nam a2200253Ia 4500
003 OSt
005 20210419173501.0
008 210310s2008 ck gr 000 0 spa d
020 _a9789583506536
040 _aCO-JMCR
_cCO-JMCR
041 0 _aspa
082 0 4 _a336.220 /
_bC172i
_223
100 1 _aCamacho Montoya, Álvaro,
_915136
_eautor
245 1 0 _aImpuestos a la construcción de inmuebles /
_cÁlvaro Camacho Montoya
260 _aBogotá :
_bEditorial Temis,
_c2008
300 _bxvii, 210 páginas ;
_c24 cm.
500 _aIncluye notas a pie de página.
504 _aBibliografía: páginas [209]-210
505 0 _aIntroducción a los tributos sobre la construcción de inmuebles, autonomía fiscal y procedimiento tributario municipal -- Concepto, historia y hecho generador del impuesto de delineación -- El impuesto del delineación en Bogotá -- El impuesto de delineación en Medellín -- El impuesto de delineación en Cali -- Licencias urbanísticas, curadores urbanos y expensas -- Contribución de los contratos de obra pública, concesión de obra pública y otras concesiones -- Otros impuestos relacionados con la actividad de la construcción -- Breve historia del impuesto sobre el uso del subsuelo y excavaciones en las vías públicas y del impuesto de extracción de arena, cascajo y piedra
650 1 4 _aImpuestos inmobiliarios
_915138
_zColombia
650 2 4 _aConstrucción
_xImpuestos
_zColombia
_936991
651 4 _aColombia
_xObras públicas
_xImpuestos
_936992
942 _2ddc
_cBK
999 _c7680
_d7680